Torschützenliste der La Liga - Statistiken

Allgemein
  • Dieses Quiz wurde 69 mal gespielt
  • Das Durchschnittsergebnis liegt bei 6 aus 15
Antwortstatistiken
Tore Nationalität Tore für Verein(e) Spieler % Korrekt
311 Portugal Real Madrid 311 Cristiano Ronaldo
100%
474 Argentinien FC Barcelona 474 Lionel Messi
100%
238 Frankreich Real Madrid 238 Karim Benzema
87%
228 Spanien Real Madrid 228 Raúl
79%
198 Frankreich Real Sociedad 40, Atletico Madrid 123, FC Barcelona 22 Antoine Griezmann
63%
227 Argentinien / Spanien Real Madrid 216, Espanyol Barcelona 11 Alfredo Di Stéfano
57%
186 Spanien Real Saragossa 32, FC Valencia 108, FC Barcelona3 3, Atlético Madrid 13 David Villa
56%
234 Mexiko Atlético Madrid 51, Real Madrid 164, Rayo Vallecano 16 Hugo Sánchez
49%
251 Spanien Athletic Bilbao 251 Telma Zarra
6%
186 Spanien Real Madrid 186 Santillana
5%
219 Spanien Sporting Gijón 165, FC Barcelona 54 Quini
3%
183 Spanien Athletic Bilbao 111, FC Valencia 72 Guillermo Gorostiza
2%
212 Spanien Celta Vigo 57, Real Madrid 108, Deportivo La Coruña 16 Pahiño
2%
221 Spanien FC Granada 23, FC Barcelona 190, Cultural Leonesa 3, FC Elche 5 César
0%
195 Spanien FC Valencia 186, CD Alcoyano 9 Mundo
0%
Keine übereinstimmenden Quizze gefunden
Verteilung der Resultate
Anzahl Personen mit jedem Resultat
Perzentil nach korrekt beantworteten Fragen
Ihre Resultats-Entwicklung
Sie haben dieses Quiz noch nicht gespielt